000 00811nam a2200277 i 4500
003 DO-SdBNP
005 20240621082559.0
007 ta
008 240621b1972 sp ||||| |||| 00| 0 spa d
040 _aDO-SdBNP
_bspa
_cBNPHU
_erda
082 4 _222
100 1 _aVan Gulik, Robert,
_eautor
_985723
245 1 3 _aEl monasterio encantado /
_cRobert Van Gulik ; traducción, Ernesto Mayáns
250 _aediciones de bolsillo
264 _aBarcelona :
_bBarral,
_c1972.
300 _a162 páginas ;
_c19 cm.
336 _2rdacontent
_atexto
_btxt
337 _2rdamedia
_asin mediación
_bn
338 _2rdacarrier
_avolumen
_bnc
490 _aNegra
_v15
490 _aPolicial
590 _aInventariado, 2024/BT
700 1 _aMayáns, Ernesto,
_etraductor
_985724
910 _aBtavárez
942 _2ddc
_cLBS1
999 _c56915
_d56915